| 000 | 00637nam a2200217 a 4500 | ||
|---|---|---|---|
| 001 | BRCA_3582 | ||
| 005 | 20190320204336.0 | ||
| 008 | 060809s1960----fr-a---###---#000-0#fre-# | ||
| 041 | _afre | ||
| 044 | _afr | ||
| 050 | 4 |
_aN6502 _b.C35 1960 |
|
| 100 | 1 |
_aCali, Francois _99296 |
|
| 245 | 1 | 0 |
_aKunst der Konquistadoren _cTexto Francois Cali ; Bilder Claude Arthaud und Francois Hébert-Stevens. |
| 260 |
_aParis _bBraun _cc1960 |
||
| 300 |
_a295 p. _bil. (algunas a color), 181 láminas, mapas _c25 cm. |
||
| 500 | _aB250 | ||
| 650 | 1 | 4 |
_aArte Latinoamericano _99242 |
| 650 | 1 | 4 |
_aArte _xHistoria _99297 |
| 902 | _aGFM | ||
| 942 |
_2lcc _cB |
||
| 999 |
_c3317 _d3317 |
||